logo

Bir Sreshtho Munshi Abdur Rouf Library
Jhenaidah Cadet College

A Linguistics Program : (Record no. 4128)

MARC details
000 -LEADER
fixed length control field 00627nam a2200229 a 4500
001 - CONTROL NUMBER
JCCL Control Number 4128
003 - CONTROL NUMBER IDENTIFIER
JCCL marc code BD-JhCC
005 - DATE AND TIME OF LATEST TRANSACTION
control field 20171125095221.0
008 - FIXED-LENGTH DATA ELEMENTS--GENERAL INFORMATION
fixed length control field 171123s1967 cau |||| |||| 000 0 eng d
035 ## - SYSTEM CONTROL NUMBER
system control number (BD-JhCC)4128
040 ## - CATALOGING SOURCE
Original cataloging agency BD-JhCC
Modifying agency BD-JhCC
041 ## - LANGUAGE CODE
Language code of Book eng
082 ## - DEWEY DECIMAL CLASSIFICATION NUMBER
Classification number 428.6
Author mark and Year ROB 1967
100 ## - MAIN ENTRY--PERSONAL NAME
Personal name Roberts, Paul
245 ## - TITLE STATEMENT
Title A Linguistics Program :
Remainder of title Book A /
Statement of responsibility, etc Paul Roberts
260 ## - PUBLICATION, DISTRIBUTION, ETC. (IMPRINT)
Place of publication, distribution, etc California :
Name of publisher, distributor, etc California State Department of Education,
Date of publication, distribution, etc 1967
300 ## - PHYSICAL DESCRIPTION
Pagination 304 p.;
Dimensions 24 cm
490 ## - SERIES STATEMENT
Series statement The Roberts English Series
650 ## - SUBJECT ADDED ENTRY--TOPICAL TERM
Topical term or geographic name as entry element Readers (elementary)
650 ## - SUBJECT ADDED ENTRY--TOPICAL TERM
Topical term or geographic name as entry element English language
942 ## - ADDED ENTRY ELEMENTS (KOHA)
Source of classification or shelving scheme Dewey Decimal Classification
Koha item type Books
Holdings
Source of classification or shelving scheme volume number Damaged status Not for loan Home library Current library Shelving location Date of accession Total Checkouts Full call number Barcode Date last seen Copy number Koha item type
Dewey Decimal Classification V-1     JCC Rouf Library JCC Rouf Library General Stacks 11/23/2017   428.6 ROB 1967 5750 11/23/2017 C-1 Books
Dewey Decimal Classification V-1     JCC Rouf Library JCC Rouf Library General Stacks 10/23/2017   428.6 ROB 1967 5749 11/23/2017 C-2 Books
Dewey Decimal Classification V-3     JCC Rouf Library JCC Rouf Library General Stacks 10/23/2017   428.6 ROB 1967 5751 11/23/2017 C-3 Books
Dewey Decimal Classification V-3     JCC Rouf Library JCC Rouf Library General Stacks 10/23/2017   428.6 ROB 1967 5776 11/23/2017 C-4 Books
Dewey Decimal Classification V-1     JCC Rouf Library JCC Rouf Library General Stacks 10/23/2017   428.6 ROB 1967 5806 11/23/2017 C-5 Books
Dewey Decimal Classification V-1     JCC Rouf Library JCC Rouf Library General Stacks 10/23/2017   428.6 ROB 1967 5807 11/23/2017 C-6 Books
Dewey Decimal Classification V-1     JCC Rouf Library JCC Rouf Library General Stacks 10/23/2017   428.6 ROB 1967 5808 11/23/2017 C-7 Books
Dewey Decimal Classification V-1     JCC Rouf Library JCC Rouf Library General Stacks 10/23/2017   428.6 ROB 1967 5809 11/23/2017 C-8 Books
Dewey Decimal Classification V-1     JCC Rouf Library JCC Rouf Library General Stacks 10/23/2017   428.6 ROB 1967 5810 11/23/2017 C-9 Books
Dewey Decimal Classification V-1     JCC Rouf Library JCC Rouf Library General Stacks 10/23/2017   428.6 ROB 1967 5811 11/23/2017 C-10 Books

JCC Library | Contacts | JCC Home

Last Update on 23 September 2017
Copyright @ 2017-2020 JCC Rouf Library
Rouf Library, Jhenidah Cadet College (JCC), Bangladesh